000
00289nam a2200121Ia 4500
008
190216s9999||||xx |||||||||||||| ||und||
100
_a
Swct Marden
245
0
_a
Hindi - Chinta Cbhodo Jeena Seekho
260
_b
Shnti Podeet Books
_c
2001
300
_a
121
650
_a
Hindi
942
_c
BK
999
_c
16148
_d
16148